Machine learning v digitálním bankovnictví
Definícia pojmu Machine learning (ML) a jeho základné princípy. Dva prípady, pri ktorých je ML lepšia alternatíva než programovať počítač na splenenie úloh (príliš komplexné úlohy, potreba sa adaptovať). Typy machine learningu (učenie s alebo bez učiteľa, aktívny a pasívny ML). Ilustračný príklad fu...
Salvato in:
| Autore principale: | |
|---|---|
| Natura: | Capitolo di libro |
| Lingua: | ceco |
| Soggetti: | |
| Tags: |
Nessun Tag, puoi essere il primo ad aggiungerne!!
|
MARC
| LEADER | 00000naa a2200000 4500 | ||
|---|---|---|---|
| 001 | 0249206 | ||
| 005 | 20221104110508.6 | ||
| 041 | 0 | |a cze | |
| 044 | |a CZ | ||
| 245 | 1 | 0 | |a Machine learning v digitálním bankovnictví |c Ján Čechura |
| 520 | |a Definícia pojmu Machine learning (ML) a jeho základné princípy. Dva prípady, pri ktorých je ML lepšia alternatíva než programovať počítač na splenenie úloh (príliš komplexné úlohy, potreba sa adaptovať). Typy machine learningu (učenie s alebo bez učiteľa, aktívny a pasívny ML). Ilustračný príklad fungovania ML s učiteľom a bez učiteľa a porovnovanie výstupov prostredníctvom oboch metód. Využitie ML v bankovníctve. | ||
| 610 | 2 | 0 | |a technológie nové |
| 610 | 2 | 0 | |a technológie informačné |
| 610 | 2 | 0 | |a technológie komunikačné |
| 610 | 2 | 0 | |a systémy informačné |
| 610 | 2 | 0 | |a hodnota pridaná |
| 100 | 1 | |a Čechura, Jan | |